[Event "HUN Team League Csongrad Region 2019–2"]
[Site "Csongrád County"]
[Date "2020.02.23"]
[Round "7.4"]
[White "Arato, Daniel"]
[Black "Jakso, Abel"]
[Result "1-0"]
[WhiteElo "1706"]
[BlackElo "1489"]
[PlyCount "45"]
[EventDate "2019.09.29"]
[WhiteTeam "Maróczy IV."]
[BlackTeam "Makó III."]

1. d4 g6 2. h4 Nf6 3. c4 d6 4. Nc3 Bg7 5. e4 Bd7 6. h5 Nxh5 7. g4 Nf6 8. g5 Ng8
9. Be3 e6 10. Nf3 Ne7 11. d5 exd5 12. Bd4 Rg8 13. Rxh7 Bxd4 14. Qxd4 Nbc6 15.
Qf6 Rf8 16. exd5 Ne5 17. Nxe5 dxe5 18. Qxe5 Bf5 19. c5 Qd7 20. Bb5 c6 21. dxc6
bxc6 22. Rd1 Qb7 23. Nd5 1-0

[Event "HUN Team League Csongrad Region 2019–2"]
[Site "Csongrád County"]
[Date "2020.02.23"]
[Round "7.4"]
[White "Kralik, Attila"]
[Black "Kis, Izabella"]
[Result "1-0"]
[WhiteElo "1704"]
[BlackElo "1482"]
[PlyCount "72"]
[EventDate "2019.09.29"]
[WhiteTeam "Makó III."]
[BlackTeam "Maróczy IV."]

1. Nf3 d5 2. g3 Nf6 3. Bg2 Bf5 4. d3 Nc6 5. Bf4 e6 6. h3 Bd6 7. Bxd6 Qxd6 8.
Nbd2 e5 9. Nh4 Be6 10. e4 d4 11. Nf5 Bxf5 12. exf5 O-O-O 13. O-O Qd7 14. Qf3
Kb8 15. b4 Qc8 16. Nc4 Nd5 17. b5 Nce7 18. Nxe5 Rhf8 19. g4 c6 20. bxc6 Nxc6
21. Qg3 Ka8 22. Nc4 f6 23. Rfe1 Qd7 24. Re6 Rfe8 25. Rd6 Qe7 26. Bxd5 Rxd6 27.
Qxd6 Qxd6 28. Nxd6 Rd8 29. Bxc6 bxc6 30. Nc4 Kb7 31. Rb1+ Kc7 32. Re1 Kd7 33.
Re6 Rb8 34. Rd6+ Kc7 35. Rxd4 Rb1+ 36. Kg2 Rb2 1-0

[Event "HUN Team League Csongrad Region 2019–2"]
[Site "Csongrád County"]
[Date "2020.02.23"]
[Round "7.4"]
[White "Veres, Sandor"]
[Black "Vass, Szabolcs"]
[Result "1/2-1/2"]
[WhiteElo "1482"]
[BlackElo "1643"]
[PlyCount "127"]
[EventDate "2019.09.29"]
[WhiteTeam "Maróczy IV."]
[BlackTeam "Makó III."]

1. d4 d5 2. c4 c6 3. Nc3 Nf6 4. Nf3 Bf5 5. cxd5 cxd5 6. Qb3 e6 7. Bg5 Be7 8.
Ne5 O-O 9. Qxb7 Nbd7 10. Nc6 Qe8 11. Nxe7+ Qxe7 12. Bxf6 gxf6 13. Qc7 Rfc8 14.
Qf4 Qb4 15. Qd2 Rab8 16. e4 dxe4 17. Nd1 Qxd2+ 18. Kxd2 Rb4 19. Ke3 Nb6 20. f3
Nd5+ 21. Kf2 Rc2+ 22. Kg3 e3 23. Ba6 Rxd4 24. Bb7 e2 25. Nf2 Nf4 26. Ne4 e1=Q+
27. Rhxe1 Nh5+ 28. Kh4 Rxg2 29. Rg1 Rxg1 30. Rxg1+ Bg6 31. Kh3 Nf4+ 32. Kh4 Ne2
33. Rg4 Kg7 34. Nf2 Rd2 35. Rb4 Rd4+ 36. Rxd4 Nxd4 37. b4 Bb1 38. a4 f5 39. Kg5
e5 40. Nd1 f6+ 41. Kh4 e4 42. Kg3 Nxf3 43. Ne3 Nd4 44. Bc8 Kg6 45. Ng2 Ne2+ 46.
Kf2 f4 47. Ba6 Bd3 48. Bxd3 exd3 49. Nh4+ Kf7 50. Nf3 Nc3 51. a5 Ke6 52. Ke1
Ne4 53. Nd2 Kd5 54. b5 Nd6 55. b6 Kc6 56. bxa7 Kb7 57. a8=Q+ Kxa8 58. Kf2 f5
59. Kf3 Ne4 60. Nb3 d2 61. Nxd2 Nxd2+ 62. Kxf4 Nf1 63. Kxf5 Nxh2 64. Kg5
1/2-1/2

[Event "HUN Team League Csongrad Region 2019–2"]
[Site "Csongrád County"]
[Date "2020.02.23"]
[Round "7.4"]
[White "Szekeres, Mihaly"]
[Black "Koszo, Ferenc"]
[Result "1-0"]
[WhiteElo "1688"]
[BlackElo "1373"]
[PlyCount "65"]
[EventDate "2019.09.29"]
[WhiteTeam "Makó III."]
[BlackTeam "Maróczy IV."]

1. d4 d5 2. e3 Nf6 3. h3 c6 4. Nf3 Bf5 5. Bd3 Bxd3 6. Qxd3 Nbd7 7. b3 e6 8. Bb2
Bd6 9. Nbd2 h6 10. a3 Rc8 11. c4 b6 12. O-O O-O 13. Rac1 a5 14. Rfe1 Re8 15. e4
dxe4 16. Nxe4 Nxe4 17. Rxe4 Nf6 18. Ree1 c5 19. Rcd1 cxd4 20. Qxd4 Be7 21. Qc3
Qc7 22. Nd4 Qc5 23. Nb5 Rcd8 24. Qf3 Rxd1 25. Rxd1 Kh7 26. Bd4 Qc8 27. Bxb6 a4
28. Qd3+ Kg8 29. b4 Qc6 30. c5 Nd5 31. Nd4 Qb7 32. Qf3 Bf6 33. Nb5 1-0

[Event "HUN Team League Csongrad Region 2019–2"]
[Site "Csongrád County"]
[Date "2020.02.23"]
[Round "7.4"]
[White "Elekes, Lajos"]
[Black "Vizhanyo Gyomorei, Jozsef"]
[Result "0-1"]
[WhiteElo "1342"]
[BlackElo "1507"]
[PlyCount "96"]
[EventDate "2019.09.29"]
[WhiteTeam "Maróczy IV."]
[BlackTeam "Makó III."]

1. Nf3 Nf6 2. g3 b6 3. Bg2 Bb7 4. d3 e6 5. e4 Bc5 6. d4 Be7 7. e5 Nd5 8. c4
Bb4+ 9. Bd2 Bxd2+ 10. Nbxd2 Nb4 11. Qb3 N8c6 12. a3 Na6 13. O-O d6 14. Qa4 O-O
15. b4 Nab8 16. b5 Ne7 17. Rad1 Nd7 18. exd6 cxd6 19. Qb4 Qc7 20. Ne1 Bxg2 21.
Nxg2 Nf5 22. Ne4 d5 23. cxd5 exd5 24. Rc1 Qb8 25. Nc3 Nf6 26. Nf4 Rd8 27. Rfe1
g5 28. Nfe2 h6 29. Qb1 Nd6 30. a4 Nc4 31. Qa2 Qd6 32. Nb1 Ne4 33. Rc2 a6 34.
bxa6 Rxa6 35. Rec1 b5 36. Nec3 Nxc3 37. Nxc3 b4 38. Nb5 Qb6 39. Qb3 Rda8 40.
Ra1 Ra5 41. Qxb4 Rxb5 42. axb5 Rxa1+ 43. Kg2 Qxd4 44. Qe7 Rb1 45. Re2 g4 46.
Qd8+ Kg7 47. Re8 Rb2 48. Rg8+ Kh7 0-1

[Event "HUN Team League Csongrad Region 2019–2"]
[Site "Csongrád County"]
[Date "2020.02.23"]
[Round "7.5"]
[White "Udvardi, Zalan"]
[Black "Buza, Imre"]
[Result "1-0"]
[WhiteElo "2210"]
[BlackElo "1961"]
[PlyCount "97"]
[EventDate "2019.09.29"]
[WhiteTeam "Szentes II."]
[BlackTeam "Vásárhely"]

1. e4 c5 2. Nc3 e6 3. Nge2 d5 4. exd5 exd5 5. d4 cxd4 6. Nxd4 Nc6 7. Bb5 Qd7 8.
O-O Be7 9. Re1 Nf6 10. Qe2 O-O 11. Bxc6 bxc6 12. Bg5 Bd8 13. Qf3 Rb8 14. Nb3
Qg4 15. Qxg4 Bxg4 16. Bf4 Rb7 17. Bd6 Re8 18. Ba3 Be7 19. Na5 Rc7 20. Bxe7
Rcxe7 21. Rxe7 Rxe7 22. Nxc6 Rb7 23. Rb1 Bf5 24. Nd4 Bg6 25. a3 Rc7 26. f3 h5
27. Rd1 a6 28. Rd2 Rb7 29. b3 Rc7 30. Nd1 Nd7 31. Ne3 Nf6 32. Kf2 h4 33. Ne2
Rd7 34. c3 a5 35. Nf4 Rb7 36. b4 axb4 37. axb4 Rd7 38. Nfxd5 Nxd5 39. Nxd5 Kf8
40. c4 f6 41. b5 Bf7 42. b6 Ke8 43. Ke3 Kd8 44. Kd4 Kc8 45. Kc5 Kb7 46. Ra2
Bxd5 47. Ra7+ Kc8 48. Rxd7 Kxd7 49. Kxd5 1-0

[Event "HUN Team League Csongrad Region 2019–2"]
[Site "Csongrád County"]
[Date "2020.02.23"]
[Round "7.5"]
[White "Abraham, Zoltan"]
[Black "Borsi, Imre"]
[Result "1-0"]
[WhiteElo "1825"]
[BlackElo "1994"]
[PlyCount "67"]
[EventDate "2019.09.29"]
[WhiteTeam "Vásárhely"]
[BlackTeam "Szentes II."]

1. Nf3 b6 2. d4 e6 3. c4 Nf6 4. Nc3 Bb7 5. Bg5 Bb4 6. Qb3 a5 7. a3 Bxc3+ 8.
Qxc3 h6 9. Bh4 g5 10. Bg3 Ne4 11. Qc2 f5 12. e3 d6 13. O-O-O Nd7 14. Bd3 Qe7
15. Ne1 c5 16. f3 Nxg3 17. hxg3 cxd4 18. exd4 Rc8 19. Qe2 d5 20. Kb1 Qf6 21.
Nc2 O-O 22. Rh5 Kg7 23. Ne3 dxc4 24. Nxc4 Bd5 25. Ne5 Nxe5 26. dxe5 Qf7 27. g4
Rh8 28. Rdh1 Qd7 29. gxf5 exf5 30. Qe3 Qe6 31. f4 gxf4 32. Qxf4 Be4 33. Bxe4
fxe4 34. R1h3 1-0

[Event "HUN Team League Csongrad Region 2019–2"]
[Site "Csongrád County"]
[Date "2020.02.23"]
[Round "7.5"]
[White "Hajdu, Istvan"]
[Black "Markus, Molli Amina"]
[Result "0-1"]
[WhiteElo "1863"]
[BlackElo "1669"]
[PlyCount "68"]
[EventDate "2019.09.29"]
[WhiteTeam "Szentes II."]
[BlackTeam "Vásárhely"]

1. e4 c5 2. Nf3 Nc6 3. Bb5 e6 4. O-O a6 5. Bxc6 dxc6 6. Re1 Nf6 7. c3 Be7 8. d4
cxd4 9. cxd4 O-O 10. Nc3 b6 11. Bf4 Bb7 12. Qb3 Nh5 13. Be3 Nf6 14. Rad1 Qc7
15. h3 b5 16. a3 Rfd8 17. Qc2 h6 18. e5 Nd5 19. Ne4 Nxe3 20. Rxe3 c5 21. Rc3 c4
22. b3 Bxa3 23. bxc4 Bb4 24. Rb3 Bxe4 25. Qxe4 Qxc4 26. Qb1 Be7 27. Rc1 Qd5 28.
Rc7 Bf8 29. Rbc3 b4 30. R3c4 a5 31. Nh4 a4 32. f4 a3 33. f5 a2 34. Qa1 b3 0-1

[Event "HUN Team League Csongrad Region 2019–2"]
[Site "Csongrád County"]
[Date "2020.02.23"]
[Round "7.5"]
[White "Torok, Csaba"]
[Black "Balatoni, Gyorgy"]
[Result "1-0"]
[WhiteElo "1719"]
[BlackElo "1695"]
[PlyCount "55"]
[EventDate "2019.09.29"]
[WhiteTeam "Vásárhely"]
[BlackTeam "Szentes II."]

1. e4 c6 2. d4 d5 3. exd5 cxd5 4. c4 Nf6 5. Nc3 e6 6. Nf3 Bb4 7. Bd3 dxc4 8.
Bxc4 O-O 9. O-O Nc6 10. a3 Bxc3 11. bxc3 b6 12. Bg5 h6 13. Bh4 Bb7 14. Re1 Na5
15. Bd3 Bxf3 16. Qxf3 Rc8 17. Bc2 g5 18. Bg3 Re8 19. Be5 Kg7 20. h4 Nc4 21.
hxg5 hxg5 22. Rad1 Qe7 23. Qg3 Nxe5 24. Qxe5 Kh6 25. Re3 Nh5 26. Rh3 f5 27. g4
fxg4 28. Rxh5+ 1-0

[Event "HUN Team League Csongrad Region 2019–2"]
[Site "Csongrád County"]
[Date "2020.02.23"]
[Round "7.5"]
[White "Kozak, Janos"]
[Black "Buzas, Andras"]
[Result "1/2-1/2"]
[WhiteElo "1450"]
[BlackElo "1713"]
[PlyCount "126"]
[EventDate "2019.09.29"]
[WhiteTeam "Szentes II."]
[BlackTeam "Vásárhely"]

1. c4 Nf6 2. Nc3 e6 3. e4 Nc6 4. e5 Nxe5 5. d4 Ng6 6. Bg5 h6 7. Bxf6 Qxf6 8.
Nb5 Qd8 9. a3 a6 10. Nc3 b6 11. Qf3 Rb8 12. Bd3 Nh4 13. Qg3 Bb7 14. Be4 Bxe4
15. Nxe4 Nf5 16. Qd3 d5 17. cxd5 Qxd5 18. Nf3 Be7 19. g4 Nd6 20. Nc3 Qb7 21.
O-O-O O-O 22. Ne5 Rfd8 23. f4 b5 24. d5 Nc4 25. Nc6 Qxc6 26. dxc6 Rxd3 27. Rxd3
Bd6 28. Rf1 Na5 29. Ne4 Bf8 30. Rd7 Rc8 31. Rfd1 Nxc6 32. b4 a5 33. bxa5 Bxa3+
34. Kb1 f5 35. gxf5 exf5 36. Ng3 g6 37. a6 Bd6 38. Rc1 Na7 39. Ne2 b4 40. Kb2
Nb5 41. Kb3 Ra8 42. Rc6 Re8 43. Rc2 Re3+ 44. Kc4 Na7 45. Kd5 Ra3 46. Ke6 Rxa6
47. Rd8+ Bf8+ 48. Kd7 Nb5 49. Rb2 c5 50. Rb8 Rd6+ 51. Kc8 Na3 52. Kc7 Re6 53.
Kd7 Rd6+ 54. Kc7 Rd3 55. Kc6 Nc4 56. Rc2 Rd6+ 57. Kc7 Rd2 58. Rxc4 Rxe2 59.
Rxc5 Re7+ 60. Kb6 Re6+ 61. Kb5 Kf7 62. Rc7+ Re7 63. Rcc8 Bg7 1/2-1/2

[Event "HUN Team League Csongrad Region 2019–2"]
[Site "Csongrád County"]
[Date "2020.02.23"]
[Round "7.5"]
[White "Bene, Zoltan"]
[Black "Makay, Andor Dr."]
[Result "1/2-1/2"]
[WhiteElo "1675"]
[BlackElo "1619"]
[PlyCount "203"]
[EventDate "2019.09.29"]
[WhiteTeam "Vásárhely"]
[BlackTeam "Szentes II."]

1. e4 c5 2. Nf3 Nc6 3. c3 e6 4. d4 cxd4 5. cxd4 h6 6. Nc3 a6 7. Be2 Nf6 8. e5
Nd5 9. Nxd5 exd5 10. O-O Qb6 11. a3 Be7 12. b4 O-O 13. Be3 Nd8 14. Qb3 Qe6 15.
Nd2 b6 16. f4 f5 17. Rac1 Nf7 18. a4 Bb7 19. Bf3 Rac8 20. Nb1 Rc4 21. Rxc4 dxc4
22. Qc3 Bxf3 23. Rxf3 b5 24. Qa3 Nd8 25. Nc3 a5 26. d5 axb4 27. dxe6 bxa3 28.
axb5 dxe6 29. Bc1 Nb7 30. Na2 Ra8 31. Rc3 Ra4 32. Kf1 Na5 33. Be3 Nb7 34. Ke2
Nc5 35. b6 Nb7 36. h3 Kf7 37. g4 g5 38. Kf3 Kg6 39. Bd4 gxf4 40. Kxf4 Bg5+ 41.
Kf3 Bd2 42. Rc2 fxg4+ 43. hxg4 c3 44. Bxc3 Bg5 45. Bb4 Ra6 46. Rc6 Nd8 47. Rd6
Be7 48. Rd4 Nc6 49. Re4 Rxb6 50. Bxe7 Nxe7 51. Re3 Ra6 52. Re2 Nd5 53. Rd2 Ra4
54. Rd3 Kg5 55. Rb3 Rf4+ 56. Ke2 Re4+ 57. Kf3 Ra4 58. Rd3 Rf4+ 59. Ke2 Rxg4 60.
Rxa3 Re4+ 61. Kf3 Rxe5 62. Nc1 Rf5+ 63. Kg3 h5 64. Ne2 h4+ 65. Kh3 e5 66. Ra5
Rf3+ 67. Kg2 Rd3 68. Ng1 Nf4+ 69. Kf2 Kf5 70. Nf3 Ng6 71. Ke2 Rc3 72. Kf2 Kf4
73. Nd2 Ne7 74. Ke2 Rc2 75. Ra4+ Kf5 76. Rxh4 Kg5 77. Re4 Ng6 78. Kd3 Ra2 79.
Nf3+ Kf5 80. Nh4+ Nxh4 81. Rxh4 Ra3+ 82. Ke2 e4 83. Rh8 Ra2+ 84. Ke3 Ra3+ 85.
Ke2 Kf4 86. Rf8+ Ke5 87. Re8+ Kd5 88. Rd8+ Ke6 89. Re8+ Kf5 90. Rf8+ Kg5 91.
Re8 Kf4 92. Rf8+ Ke5 93. Re8+ Kd4 94. Rd8+ Ke5 95. Re8+ Kf5 96. Rf8+ Kg5 97.
Rg8+ Kf6 98. Rf8+ Ke5 99. Re8+ Kf4 100. Rf8+ Kg5 101. Rg8+ Kf4 102. Rf8+
1/2-1/2

[Event "HUN Team League Csongrad Region 2019–2"]
[Site "Csongrád County"]
[Date "2020.02.23"]
[Round "7.5"]
[White "Gachalyi, Gergo"]
[Black "Csikos, Adam"]
[Result "1-0"]
[WhiteElo "1519"]
[BlackElo "1297"]
[PlyCount "65"]
[EventDate "2019.09.29"]
[WhiteTeam "Szentes II."]
[BlackTeam "Vásárhely"]

1. e4 c5 2. Nf3 a6 3. a3 Nc6 4. d4 cxd4 5. Nxd4 d5 6. exd5 Qxd5 7. Be3 e5 8.
Nc3 Qd6 9. Nxc6 Qxc6 10. Qd5 Bd6 11. Rd1 Ke7 12. Bc4 Be6 13. Qxc6 bxc6 14. Bxe6
fxe6 15. Ne4 Bc7 16. Bc5+ Ke8 17. Ng5 Ba5+ 18. b4 Bd8 19. Nxe6 g6 20. Bd6 Nh6
21. Bxe5 Rg8 22. O-O Nf5 23. Rfe1 Kf7 24. Nc5 Re8 25. Bc3 Be7 26. Ne6 Rac8 27.
Nd4 Nd6 28. Nf3 Nb5 29. Bb2 c5 30. c4 Nxa3 31. Bxa3 cxb4 32. Bb2 Rxc4 33. Ne5+
1-0

[Event "HUN Team League Csongrad Region 2019–2"]
[Site "Csongrád County"]
[Date "2020.02.23"]
[Round "7.5"]
[White "Kovacs, Andrea"]
[Black "Bullas, Gabor"]
[Result "1/2-1/2"]
[WhiteElo "1150"]
[BlackElo "1086"]
[PlyCount "77"]
[EventDate "2019.09.29"]
[WhiteTeam "Vásárhely"]
[BlackTeam "Szentes II."]

1. e4 e5 2. Nf3 Nc6 3. Nc3 Bc5 4. Bc4 Nf6 5. O-O O-O 6. d3 d6 7. Bg5 h6 8. Bh4
Be6 9. Bd5 Rb8 10. h3 Nd4 11. Nh2 c6 12. Bxe6 Nxe6 13. Ng4 g5 14. Bg3 Nh5 15.
Nxh6+ Kh7 16. Nf5 Neg7 17. Kh2 Nxg3 18. Nxg3 f6 19. Nf5 Nxf5 20. exf5 Bd4 21.
Qh5+ Kg7 22. Qg6+ Kh8 23. Ne4 Qc7 24. Qh6+ Kg8 25. Qg6+ Kh8 26. c3 d5 27. Ng3
Bb6 28. Rae1 Qf7 29. Nh5 Rbe8 30. d4 Bc7 31. Kg1 Re7 32. dxe5 Bxe5 33. f4 gxf4
34. Nxf4 Bxf4 35. Rxf4 Qxg6 36. Rh4+ Kg8 37. Rxe7 Qxf5 38. Rg4+ Kh8 39. Rh4+
1/2-1/2